UBT Library

A practical guide for advanced writers in English as a second language / (Record no. 43322)

000 -LEADER
fixed length control field 00603cam a2200217 a 4500
001 - CONTROL NUMBER
control field 2823284
005 - DATE AND TIME OF LATEST TRANSACTION
control field 20180223083733.0
008 - FIXED-LENGTH DATA ELEMENTS--GENERAL INFORMATION
fixed length control field 830518s1984 nyu b 000 0 eng
010 ## - LIBRARY OF CONGRESS CONTROL NUMBER
LC control number 83011307
020 ## - INTERNATIONAL STANDARD BOOK NUMBER
International Standard Book Number 002384910X (pbk.)
040 ## - CATALOGING SOURCE
Original cataloging agency DLC
Transcribing agency DLC
Modifying agency DLC
041 ## - LANGUAGE CODE
Language code of text/sound track or separate title eng
080 ## - UNIVERSAL DECIMAL CLASSIFICATION NUMBER
Universal Decimal Classification number 808.042
082 00 - DEWEY DECIMAL CLASSIFICATION NUMBER
Classification number 808.042 MUN
Edition number 19
100 1# - Rafti
Rafti 25
101 ## - Shkurtesa
Shkurtesa EDU
245 12 - TITLE STATEMENT
Title A practical guide for advanced writers in English as a second language /
Statement of responsibility, etc Paul Munsell, Martha Clough.
504 ## - BIBLIOGRAPHY, ETC. NOTE
Bibliography, etc Bibliography: p. 301.
906 ## - LOCAL DATA ELEMENT F, LDF (RLIN)
a 7
b cbc
c orignew
d 1
e ocip
f 19
g y-gencatlg
942 ## - ADDED ENTRY ELEMENTS (KOHA)
Source of classification or shelving scheme
Item type Books
Holdings
Withdrawn status Lost status Source of classification or shelving scheme Damaged status Not for loan Collection code Permanent location Current location Shelving location Date acquired Total Checkouts Full call number Barcode Date last seen Price effective from Koha item type
          Koleksioni i përgjithshem UBT - Lipjan UBT - Lipjan Koleksioni i lëndeve mesimore 02/23/2018   808.042 MUN 002-2999678 02/23/2018 02/23/2018 Books
UBT Library © 2015-2024. All rights reserved University Education for Business and Technology